000 00464nam a2200193Ia 4500
005 20240921120724.0
008 240921s9999||||xx |||||||||||||| ||und||
041 _aENGLISH
082 _A621.3192 M5
100 _aDesoer,Charles A
245 0 _aBasic Circuit Theory
250 _a1st
260 _c1985
_bMGH,Auckland
500 _aCircuit Elements
650 _aElectric Circuits
_bElectrical
700 _a Kuh,Ernest S
942 _cBK
999 _c247407
_d247407